Полупроводниковое дифференциальное реле защиты трансформатора: пер. с англ.

গ্রন্থ-পঞ্জীর বিবরন
প্রধান লেখক: Робертсон С. Д. Т.
অন্যান্য লেখক: Слемон Дж. Р.
ভাষা:রুশ
প্রকাশিত: Москва, Информстандартэлектро, 1967
মালা:Электротехническая промышленность за рубежом
বিষয়গুলি:
বিন্যাস: গ্রন্থ
KOHA link:https://koha.lib.tpu.ru/cgi-bin/koha/opac-detail.pl?biblionumber=315948

MARC

LEADER 00000nam0a2200000 4500
001 315948
005 20231102002828.0
035 |a (RuTPU)RU\TPU\book\341385 
090 |a 315948 
100 |a 20160314d1967 k y0rusy50 ca 
101 1 |a rus  |c eng 
102 |a RU 
105 |a a z 001zy 
200 1 |a Полупроводниковое дифференциальное реле защиты трансформатора  |e пер. с англ.  |f С. Д. Т. Робертсон, Дж. Р. Слемон 
210 |a Москва  |c Информстандартэлектро  |d 1967 
215 |a 10 с.  |c черт. 
225 1 |a Электротехническая промышленность за рубежом 
320 |a Библиогр.: с. 10 
606 1 |a Трансформаторы  |x Релейная защита  |2 stltpush  |3 (RuTPU)RU\TPU\subj\61411  |9 78603 
610 1 |a полупроводниковые реле 
610 1 |a дифференциальное реле 
610 1 |a надежность 
610 1 |a электрические соединения 
610 1 |a схемы 
675 |a 621.314.21  |v 4 
700 1 |a Робертсон  |b С. Д. Т. 
701 1 |a Слемон  |b Дж. Р. 
801 1 |a RU  |b 63413507  |c 20160314 
801 2 |a RU  |b 63413507  |c 20171026  |g RCR 
942 |c BK